| 000 | 00368nam a2200121Ia 4500 | ||
|---|---|---|---|
| 008 | 220217s9999||||xx |||||||||||||| ||und|| | ||
| 082 | _a363.73 SAM | ||
| 100 | _aSamaga, B.S | ||
| 245 | 0 | _aVahanagalindaguva parisara malinya mattu nivaronopayagalu | |
| 260 |
_aVisweswaraiah technology univercity _bBelgaum _c2003 |
||
| 300 |
_aIV,36p.;20cm _b7 |
||
| 650 | _aOTHERS | ||
| 999 |
_c180933 _d180933 |
||